000 00329 a2200157 4500
001 74913
020 _a8516015114
040 _cAnchieta - Colégio São Paulo
100 _aVenezia, Mike
240 1 0 _aPaul Klee
_lpor
245 1 0 _aPaul Klee
300 _a32
362 0 _a2012
650 4 _aLiteratura infantil
942 _cBK
999 _c74913
_d74913